|
|
|
|
| LEADER |
01373nam a22003252a 4500 |
| 001 |
001672458 |
| 003 |
CZ BrMZK |
| 005 |
20190708054618.0 |
| 007 |
ta |
| 008 |
190307s1950 gw fr|||||||||||ger d |
| 040 |
|
|
|a BOA001
|b cze
|e aacr2
|
| 072 |
|
7 |
|a 523/524
|x Sluneční soustava. Hvězdy. Vesmír
|2 Konspekt
|9 6
|
| 080 |
|
|
|a 524.3
|2 MRF
|
| 080 |
|
|
|a 52-852
|2 MRF
|
| 080 |
|
|
|a 524.1
|2 MRF
|
| 080 |
|
|
|a (048.8)
|2 MRF
|
| 100 |
1 |
|
|a Ten Bruggencate, Paul,
|d 1901-1961
|7 skuk0001867
|4 aut
|
| 245 |
1 |
0 |
|a Bemerkungen über den Zusammenhang zwischen dem Roaseland'schen und dem Chandrasekhar'schen Wert für die Opazität in Sternatmosphären /
|c Paul ten Bruggencate
|
| 260 |
|
|
|a Göttingen :
|b Vandenhoeck & Ruprecht,
|c 1950
|
| 300 |
|
|
|a s. 8-13
|
| 490 |
1 |
|
|a Nachrichten der Akademie der Wissenschaften in Göttingen. Mathematisch-physikalische Klasse ;
|v 2a, mathematisch-physikalisch-chemische Abteilung, Jg. 1950, nr. 2
|
| 650 |
0 |
7 |
|a hvězdy
|7 ph114733
|2 czenas
|
| 650 |
0 |
7 |
|a atmosféra
|7 ph597203
|2 czenas
|
| 650 |
0 |
7 |
|a kosmické záření
|7 ph137739
|2 czenas
|
| 655 |
|
7 |
|a studie
|7 fd133597
|2 czenas
|
| 830 |
|
0 |
|a Nachrichten der Akademie der Wissenschaften in Göttingen.
|p Mathematisch-physikalische Klasse
|
| 910 |
|
|
|a BOA001
|b X-0384.008
|
| 990 |
|
|
|a BK
|
| 991 |
|
|
|b 201903
|
| 996 |
7 |
|
|b 2618976555
|c X-0384.008
|l MZK
|r Sklad / do 24 hodin
|n 0
|w 001711815
|u 000010
|a 1
|e BOA001
|j MZK50
|s A
|